Responses for Show #1275 - Friday, March 2, 1990

Elaine Zollner game 1.
Missing player introductions.

Contestants

[<< previous game]

Dave Rosen, a student originally from Mount Prospect, Illinois

Elaine Zollner, a physician from Los Angeles, California

Deborah Hummel, a proofreader from York, Pennsylvania (whose 2-day cash winnings total $12,199)

[next game >>]

Jeopardy! Round responses

HISTORY
PROVERBS
SAINTS
SONGS OF THE '60s
TURTLES
WAX
    $100 9
the Fascist Party

Dave
    $100 17
time

Deborah
    $100 7
John the Baptist

Elaine
    $100 1
Spanish Harlem

Dave
    $100 2
a beak

Elaine
    $100 18
records

Deborah
    $200 13
Gadsden

Deborah
    $200 20
health

Dave
    $200 8
Michael

Deborah
    $200 3
Robert F. Kennedy (Bobby Kennedy)

Elaine
    $200 24
hibernate

Elaine
    $200 19
beeswax

Elaine
    $300 14
Somoza

Deborah
    $300 21
great minds

Elaine
    $300 10
Frances Cabrini

Elaine
    $500 4
[The song was reprised going into the break.]

"Mellow Yellow"

Elaine
    $300 25
withdraw into its shell

Dave
    $300 28
get earwax out of your ear

Deborah
    $400 15
Trafalgar

Elaine
    $400 22
looks (appearances)

Elaine
    $400 11
Agnes

Elaine
    $400 5
Herman's Hermits

Elaine
    $400 26
the leatherbacks

Dave
    $400 29
Mary Hartman, Mary Hartman

Deborah
    $500 16
(Dave: What's the Ruby Throne?)

the Peacock Throne

Dave
Triple Stumper
    $500 23
vows (promises)

Dave
    $500 12
Joseph of Arimathea

Dave
    $500 6
[Alex says "Her Heart" when giving the correct response.]

My Heart

Triple Stumper
    $500 27
temperature

Deborah
    $500 30
House of Wax

Elaine

Scores at the first commercial break (after clue 14):

Deborah Elaine Dave
$700 $2,000 $700

Scores at the end of the Jeopardy! Round:

Deborah Elaine Dave
$2,100 $4,000 $1,600

Double Jeopardy! Round responses

BEST SELLERS
OHIOANS
MEDICINE
ACTORS & THEIR ROLES
AFRICAN GEOGRAPHY
HEADLINES
    $200 17
Tom Clancy

Deborah
    $200 14
(Dave: Uh, who are Alan Shepard and Neil Armstrong?)

Glenn & Armstrong

DeborahDave
    $200 3
the eyes

Dave
    $200 7
Sam Spade

Dave
    $200 22
Morocco

Elaine
    $200 1
Amelia Earhart

Dave
    $400 18
mahjong

Deborah
    $400 21
Jack Nicklaus

Dave
    $400 4
benign

Dave
    $400 9
Jerry Lee Lewis

Deborah
    $400 24
(Deborah: What are grasslands?)
(Elaine: What are deserts?)
...
(Alex: Correct, well done.)
[Laughter]

forests

DeborahElaineDave
    $400 2
Attica

Elaine
    $600 19
Martin Cruz Smith

Deborah
    $600 28
(Deborah: Who is Laura Thomas?)

Gloria Steinem

Deborah
Triple Stumper
    $600 6
biopsy

Deborah
    $600 10
Al Jolson

Elaine
    $600 25
(Deborah: What is Mozambique?)

Madagascar

DeborahElaine
    $600 5
(Elaine: Who is Roosevelt?)

the Tammany Tiger

Elaine
Triple Stumper
    $800 20
Alice Walker

Dave
    $3,500 29
(Dave: [Sighs] Um...)
(Alex: Say something.)
(Dave: [Shakes head])
...
[The end-of-round signal sounds.]

Annie Oakley

Dave
    $3,000 11
the hip

Elaine
    $800 15
Barbara Hershey

Deborah
    $800 26
Tanzania

Elaine
    $800 8
Peary

Deborah
    $1000 23
Doctorow

Elaine
    $1000 12
(Deborah: What's the aortas?)

the vena cavas

DeborahDave
    $1000 16
Ronald Colman

Triple Stumper
    $1000 27
(Alex: We have less than a minute to go.)

Somalia

Dave
    $1000 13
(Dave: Uh, what's the regional trade commission?)

the Resolution Trust Corporation

Dave
Triple Stumper

Scores at the end of the Double Jeopardy! Round:

Deborah Elaine Dave
$3,500 $9,600 $1,500
(lock game)

[wagering suggestions for these scores]

Final Jeopardy! Round responses

NOTORIOUS
(Alex: [To Deborah] The pirate, yes indeed.)
DaveWho was D Boone
$1,399
DeborahWho is Jean Lafitte?
$3,500
ElaineWho is
$600
Jean Lafitte

Final scores:

Deborah Elaine Dave
$7,000 $9,000 $101
2nd place: Lehigh bedroom furniture & Kingsdown sleep set New champion: $9,000 3rd place: Casablanca ceiling fan & NES with Family & Junior editions of Jeopardy! & Wheel of Fortune

Game dynamics:

Coryat scores:

Deborah Elaine Dave
$3,500 $7,200 $5,000
16 R,
4 W
20 R
(including 2 DDs),
2 W
16 R,
4 W
(including 1 DD)

Combined Coryat: $15,700

[game clues] [game scores] [suggest correction]

Game tape date: 1989-10-11
The J! Archive is created by fans, for fans. Scraping, republication, monetization, and malicious use prohibited; this site may use cookies and collect identifying information. See terms. The Jeopardy! game show and all elements thereof, including but not limited to copyright and trademark thereto, are the property of Jeopardy Productions, Inc. and are protected under law. This website is not affiliated with, sponsored by, or operated by Jeopardy Productions, Inc. Join the discussion at JBoard.tv.